000 00545nam a2200193Ia 4500
003 GCL
008 140319s9999 xx 000 0 eng d
040 _aGCL /
_cGCL
082 0 4 _a759.05
_bG P
100 1 _aBORIVAL, BERNARD
245 1 0 _aPHILIPPE DE CHAMPAIGNE: LE PATRICHE DE LA PEINTURE ( 1602 - 1674 ) . /
_cBORIVAL, BERNARD
700 1 _aGONCALVES, JOSE
260 _a[S.N] :
_bACR POCHE COULEUR ،
_c1995
300 _a192 P
650 0 4 _aARTS
650 0 4 _aPAINTERS - BIOGRAPHY
650 0 4 _aCHAMPAIGNE, PHILIPE
942 _2ddc
_cBK
999 _c16095
_d16095